[Event "Montreal Juste pour jouer"]
[Site "Montreal"]
[Date "2012.10.06"]
[Round "3"]
[White "Luo, Muhan"]
[Black "Perna Fraser, David"]
[Result "0-1"]
[WhiteElo "1447"]
[BlackElo "1887"]
[PlyCount "102"]
[EventDate "2012.10.05"]
[EventType "swiss"]
[EventRounds "7"]
[EventCountry "CAN"]
[SourceTitle "EXT 2022"]
[Source "ChessBase"]
[SourceDate "2021.10.06"]
[SourceVersion "1"]
[SourceVersionDate "2021.10.06"]
[SourceQuality "1"]

1. d4 Nf6 2. c4 e6 3. Nf3 d5 4. e3 c6 5. Nc3 Nbd7 6. a4 Bd6 7. Be2 0-0 8. 0-0 Re8 9. Qc2 e5 10. cxd5 cxd5 11. dxe5 Nxe5 12. Rd1 Be6 13. b3 Rc8 14. Bb2 Ne4 15. Rac1 Ng4 16. Rf1 Bb4 17. Qd3 Bf5 18. Qd4 Nxc3 19. Bxc3 Bxc3 20. Rxc3 Rxc3 21. Qxc3 Qb6 22. Nd4 Rc8 23. Qd2 Bd7 24. Rc1 Rxc1+ 25. Qxc1 Ne5 26. Nb5 a6 27. Qc7 Qxc7 28. Nxc7 Be6 29. a5 Nc6 30. Bf3 Nxa5 31. Nxd5 Nxb3 32. Nb6 Nc5 33. Kf1 Kf8 34. Ke2 a5 35. Kd2 a4 36. Bd5 Bxd5 37. Nxd5 Ne4+ 38. Ke2 b5 39. Nb4 Ke7 40. f3 Nc5 41. Kd2 Kd6 42. Kc3 h5 43. g3 Ne6 44. h4 g5 45. Nc2 Kc5 46. f4 gxf4 47. exf4 Ng7 48. Ne3 b4+ 49. Kb2 a3+ 50. Kb3 Ne6 51. Nf5 Nd4+ 0-1